| 000 | 00402nam a22001697a 4500 | ||
|---|---|---|---|
| 020 | _a0132333201 | ||
| 082 | _a330HEI | ||
| 100 | _aHeilbroner, Robert | ||
| 245 | _aThe economic problem | ||
| 250 | _a4th ed | ||
| 260 |
_aLondon _bPrentice - Hall _c1975 |
||
| 300 |
_axviii,714p _bill,:25cm |
||
| 500 | _aIncludes index | ||
| 650 | _aThe economic problem | ||
| 700 | _aThurow, Lester | ||
| 942 | _cBK | ||
| 999 |
_c14346 _d14346 |
||